Sacred deities of ancient Egypt ;
Saved in:
Main Author:
Format: Book
Language: English
Published:
[Antioch, CA] :
Fine Arts Press,
2019.
Subjects:
Tags: Add Tag
No Tags, Be the first to tag this record!
Call Number:
| LEADER | 01210nam a22003017a 4500 | ||
|---|---|---|---|
| 003 | OSt | ||
| 005 | 20260504101438.0 | ||
| 008 | 260504t2019 cauab 001 0 eng | ||
| 010 | |a 2018964516 | ||
| 020 | |a 9780988578791 |q hardcover | ||
| 035 | |a 20745079 | ||
| 040 | |a DLC |b eng |e rda |c DLC | ||
| 042 | |a MLCM 2021/45108 (B) | ||
| 100 | 1 | |a Thurston, Jacqueline B., |e author, |e photographer. | |
| 245 | 1 | 0 | |a Sacred deities of ancient Egypt ; |c author and photographer Jacqueline Thurston ; consultant Amy Culver ; introduction Susan Landauer. |
| 264 | 1 | |a [Antioch, CA] : |b Fine Arts Press, |c 2019. | |
| 300 | |a 223 pages : |b color illustrations, map ; |c 27 cm | ||
| 336 | |a text |b txt |2 rdacontent | ||
| 337 | |a unmediated |b n |2 rdamedia | ||
| 338 | |a volume |b nc |2 rdacarrier | ||
| 500 | |a Minimal Level Cataloging Plus. |5 DLC | ||
| 650 | 0 | |a Gods, Egyptian |v Pictorial works. | |
| 655 | 7 | |a Illustrated works. |2 lcgft |0 https://id.loc.gov/authorities/genreForms/gf2014026111 | |
| 906 | |a 7 |b cbc |c orignew |d 4 |e ncip |f 20 |g y-gencatlg | ||
| 942 | |2 lcc |c BK | ||
| 955 | |a pc27 2018-11-15 |a xn11 2021-04-06 1 copy rec'd., to USASH |h ti85 2021-12-04 to CMD | ||
| 955 | |a LCAP batch update 2025-06-02-04:00: LCAPM-893 | ||
| 999 | |c 62227 |d 62227 | ||
